<?xml version="1.0" encoding="UTF-8"?>
<record
    xmlns:xsi="http://www.w3.org/2001/XMLSchema-instance"
    xsi:schemaLocation="http://www.loc.gov/MARC21/slim http://www.loc.gov/standards/marcxml/schema/MARC21slim.xsd"
    xmlns="http://www.loc.gov/MARC21/slim">

  <leader>02262nam a2200277Ia 4500</leader>
  <controlfield tag="003">OSt</controlfield>
  <controlfield tag="005">20210713091605.0</controlfield>
  <controlfield tag="008">210310s2009    sp ad  fr     000 0dspa d</controlfield>
  <datafield tag="020" ind1=" " ind2=" ">
    <subfield code="a">9788479789329</subfield>
  </datafield>
  <datafield tag="040" ind1=" " ind2=" ">
    <subfield code="a">CO-JMCR</subfield>
    <subfield code="c">CO-JMCR</subfield>
  </datafield>
  <datafield tag="041" ind1="1" ind2=" ">
    <subfield code="a">spa</subfield>
    <subfield code="h">ita</subfield>
  </datafield>
  <datafield tag="082" ind1="0" ind2="4">
    <subfield code="a">332.6 /</subfield>
    <subfield code="b">D579g</subfield>
    <subfield code="2">23</subfield>
  </datafield>
  <datafield tag="100" ind1="1" ind2=" ">
    <subfield code="a">Di Lorenzo, Renato, </subfield>
    <subfield code="9">16286</subfield>
    <subfield code="e">autor</subfield>
  </datafield>
  <datafield tag="245" ind1="1" ind2="0">
    <subfield code="a">Ganar en bolsa : </subfield>
    <subfield code="b">todo lo que sirve para invertir con profesionalidad, seguridad y autonom&#xED;a / </subfield>
    <subfield code="c">Renato Di Lorenzo</subfield>
  </datafield>
  <datafield tag="260" ind1=" " ind2=" ">
    <subfield code="a">Madrid : </subfield>
    <subfield code="b">Diaz de Santos, </subfield>
    <subfield code="c">2009</subfield>
  </datafield>
  <datafield tag="300" ind1=" " ind2=" ">
    <subfield code="a">xx, 499 p&#xE1;ginas : </subfield>
    <subfield code="b">ilustraciones y graficas a blanca y negro ; </subfield>
    <subfield code="c">24 cm.</subfield>
  </datafield>
  <datafield tag="500" ind1=" " ind2=" ">
    <subfield code="a">Incluye notas a pie de p&#xE1;gina.
T&#xED;tulo original: Guadagnare in borsa de Renato Di Lorenzo</subfield>
  </datafield>
  <datafield tag="504" ind1=" " ind2=" ">
    <subfield code="a">Bibliograf&#xED;a: p&#xE1;ginas 491-498</subfield>
  </datafield>
  <datafield tag="505" ind1="0" ind2=" ">
    <subfield code="a">Qu&#xE9; comprar y qu&#xE9; vender -- Cu&#xE1;ndo comprar y vender -- C&#xF3;mo comprar y vender -- Cu&#xE1;nto comprar y vender</subfield>
  </datafield>
  <datafield tag="520" ind1="3" ind2=" ">
    <subfield code="a">&#xA1;&#xC1;nimo! El mundo de los mercados financieros les espera y sepan que ustedes no est&#xE1;n condicionados nada m&#xE1;s que por su propio talento. Invertir en bolsa no tiene secretos: se compra bajo y se revende m&#xE1;s alto. O se vende al descubierto alto y se recompra luego m&#xE1;s bajo. Simple, &#xBF;no? Por supuesto que no. Como en todas las cosas, es preciso aprender. Por lo tanto, para hacer trading es preciso estudiar bien el c&#xF3;mo y el cu&#xE1;ndo invertir, no basta s&#xF3;lo con tener una gran intuici&#xF3;n. Por eso, este libro, que es un compendio de toda una serie de publicaciones de Renato Di Lorenzo, es tambi&#xE9;n una gu&#xED;a sencilla para todo aquel, ne&#xF3;fito o experimentado, que quiera invertir en bolsa con ciertas garant&#xED;as; para los que empiezan y para los que llevan ya tiempo en la carretera. Todos los que hacemos trading cultivamos nuestro sue&#xF1;o particular, el de jugar nuestra partida libres de condicionamientos de ninguna clase, solo frente al mercado. Sil llevamos las riendas de nuestra fortuna, no podremos quejarnos de nadie porque ninguno nos habr&#xE1; impuesto ni sus elecciones si sus instrumentos. Por eso lo &#xFA;nico que les hace falta es &#xE1;nimo, mucho coraje, y por supuesto, suerte.</subfield>
  </datafield>
  <datafield tag="546" ind1=" " ind2=" ">
    <subfield code="a">Traducido del italiano.</subfield>
  </datafield>
  <datafield tag="650" ind1="1" ind2="4">
    <subfield code="a">Bolsas de valores</subfield>
    <subfield code="9">16288</subfield>
  </datafield>
  <datafield tag="650" ind1="2" ind2="4">
    <subfield code="a">Valores</subfield>
    <subfield code="9">38420</subfield>
  </datafield>
  <datafield tag="650" ind1="2" ind2="4">
    <subfield code="a">Mercado capital</subfield>
    <subfield code="9">38383</subfield>
  </datafield>
  <datafield tag="942" ind1=" " ind2=" ">
    <subfield code="2">ddc</subfield>
    <subfield code="c">BK</subfield>
  </datafield>
  <datafield tag="999" ind1=" " ind2=" ">
    <subfield code="c">8083</subfield>
    <subfield code="d">8083</subfield>
  </datafield>
  <datafield tag="952" ind1=" " ind2=" ">
    <subfield code="0">0</subfield>
    <subfield code="1">0</subfield>
    <subfield code="2">ddc</subfield>
    <subfield code="4">0</subfield>
    <subfield code="7">0</subfield>
    <subfield code="8">NFIC</subfield>
    <subfield code="a">CPL</subfield>
    <subfield code="b">CPL</subfield>
    <subfield code="d">2018-04-15</subfield>
    <subfield code="e">Donaci&#xF3;n</subfield>
    <subfield code="o">332.6 / D579g</subfield>
    <subfield code="p">430003180</subfield>
    <subfield code="r">2024-05-16 00:00:00</subfield>
    <subfield code="t">Ej.1</subfield>
    <subfield code="y">BK</subfield>
  </datafield>
</record>
